ប្រព័ន្ធកសិកម្ម នៅមណ្ឌលអភិវឌ្ឍន៍កសិកម្ម តាស្អាង (Record no. 33)

000 -LEADER
fixed length control field 00480nam a22001457a 4500
003 - CONTROL NUMBER IDENTIFIER
control field OSt
005 - DATE AND TIME OF LATEST TRANSACTION
control field 20150905143134.0
008 - FIXED-LENGTH DATA ELEMENTS--GENERAL INFORMATION
fixed length control field 150905b xxu||||| |||| 00| 0 eng d
040 ## - CATALOGING SOURCE
Transcribing agency RUA
082 ## - DEWEY DECIMAL CLASSIFICATION NUMBER
Classification number AGR ស្រី 1991 B002 Or.1
100 ## - MAIN ENTRY--PERSONAL NAME
9 (RLIN) 35
Personal name ស្រីី ចន្ធី
245 ## - TITLE STATEMENT
Title ប្រព័ន្ធកសិកម្ម នៅមណ្ឌលអភិវឌ្ឍន៍កសិកម្ម តាស្អាង
300 ## - PHYSICAL DESCRIPTION
Extent 96p.
Other physical details ill.
Dimensions 29cm.
942 ## - ADDED ENTRY ELEMENTS (KOHA)
Source of classification or shelving scheme
Koha item type AGR
Holdings
Price effective from Date last seen Permanent Location Not for loan Date acquired Source of classification or shelving scheme Koha item type Barcode Lost status Damaged status Shelving location Withdrawn status Current Location Full call number
2015-09-052015-09-05Library Block B 2015-09-05 AGRRUA003142  B002 Library Block BAGR ស្រី 1991 B002 Or.1
2015-09-052015-09-05Library Block B 2015-09-05 AGRRUA003937  B002 Library Block BAGR ស្រី 1991 B002 Or.2
2015-09-052015-09-05Library Block B 2015-09-05 AGRRUA003865  B002 Library Block BAGR ស្រី 1991 B002 Or.3
មជ្ឈមណ្ឌលឯការនៃសាកលវិទ្យាល័យភូមិន្ទកសិកម្មចំការដូង

Powered by Koha